| 000 | 00794nam a22001935i 4500 | ||
|---|---|---|---|
| 001 | 166831 | ||
| 003 | ES-MaACL | ||
| 005 | 20250805062615.0 | ||
| 008 | 980131s1896 fr |||| | fre d | ||
| 040 |
_aNA _bspa _cNA |
||
| 100 | 0 |
_aVacher de Lapouge, Georges. _9112375 |
|
| 245 | 1 | 4 |
_aLes sélections sociales _b: cours libre de science politique professé a l'université de Montpellier (1888-1889) / _cpar G. Vacher de Lapouge. |
| 260 |
_aParis : _bLibrairie Thorin & Fils, A. Fontemoing Successeur, _c1896 ( _eChatillon-Sur-Seine : _fImprimerie Générale, Pichat et Pepin) |
||
| 300 |
_aXII, 503 p. ; _c23 cm. |
||
| 650 | 7 |
_aAntropología física _2embne _99893 |
|
| 650 | 7 |
_aSociología _2embne _917195 |
|
| 852 |
_aES-MaACL _jF-9447 _z-- Enc. tela |
||
| 999 |
_c166831 _d166831 |
||